000 00316nam a2200121Ia 4500
005 20260326235440.0
008 260326s9999||||xx |||||||||||||| ||und||
100 _aForbes, Mia
245 0 _aNew York :
_b Edición Española /
_cMia Forbes
260 _bIrving Weisdorf
650 _aARQUITECTURA REGIONAL
942 _cBK
999 _c7383
_d7383